000 00510nam a2200217Ia 4500
005 20251020182540.0
008 200515s9999 xx 000 0 und d
082 _a728.71/E24
100 _aBORRELL GLEICH, Javier LÁZARO VILLANUEVA, Armando
245 0 _a25 modernos proyectos de chalets
250 _a8a ed.
260 _aBarcelona
260 _c1980
300 _a149
500 _a1 ejemplar
650 _aLIB
650 _aPLANOS
650 _aPROYECTOS
650 _aVIVIENDAS
942 _cLIB
999 _c2366
_d2366